| 000 | 00000nas 2200000za 4500 |
| 001 | 9.503374 |
| 003 | CaOODSP |
| 005 | 20221107133245 |
| 007 | cr ||||||||||| |
| 008 | 150406d19911996oncar p o f0 b0fre|d |
| 022 | |a1489-4998|y1204-1084 |
| 040 | |aCaOODSP|bfre |
| 043 | |an-cn--- |
| 086 | 1 |aF1-33F-PDF |
| 110 | 1 |aCanada. |bMinistère des finances. |
| 210 | 0 |aRapp. opér. emprunt|b(En ligne) |
| 222 | 0|aRapport sur les opérations d'emprunt|b(En ligne) |
| 240 | 10|aRapport sur les opérations d'emprunt (En ligne) |
| 245 | 10|aRapport sur les opérations d'emprunt |h[ressource électronique]. |
| 260 | |aOttawa : |bFinances Canada, |c1991-1996. |
| 310 | |aAnnuel |
| 362 | 1 |aParaît depuis 1991 ; ne paraît plus après 1996. |
| 500 | |aPubl. aussi en anglais sous le titre : Debt operations report. |
| 500 | |aCertaines livraisons ont été numérisé à partir de la version imprimée [par Ministère des finances]. |
| 691 | 07|aDette nationale|2gcpds |
| 775 | 08|tDebt operations report |w(CaOODSP)9.506979 |
| 785 | 00|tRapport sur la gestion de la dette |w(CaOODSP)9.502226 |